Escape de la matrix : (Registro nro. 4666)

Detalles MARC
000 -LEADER
fixed length control field 01127nam a2200265Ia 4500
003 - CONTROL NUMBER IDENTIFIER
control field OSt
005 - DATE AND TIME OF LATEST TRANSACTION
control field 20200624152359.0
008 - FIXED-LENGTH DATA ELEMENTS--GENERAL INFORMATION
fixed length control field 191128s2011 ck gr 000 0dspa d
020 ## - INTERNATIONAL STANDARD BOOK NUMBER
International Standard Book Number 9789585724907
040 ## - CATALOGING SOURCE
Original cataloging agency CO-JMCR
Transcribing agency CO-JMCR
041 0# - LANGUAGE CODE
Language code of text/sound track or separate title spa
082 04 - DEWEY DECIMAL CLASSIFICATION NUMBER
Classification number 330.122 /
Item number J691e
Edition number 23
100 1# - MAIN ENTRY--PERSONAL NAME
Personal name Joya Duarte, Jorge Eliecer,
Relator term autor
9 (RLIN) 5365
245 10 - TITLE STATEMENT
Title Escape de la matrix :
Remainder of title un ensayo sobre el capitalismo y algunas ideas para mejorar la sociedad /
Statement of responsibility, etc. Jorge Eliecer Joya Duarte
250 ## - EDITION STATEMENT
Edition statement Primera edición
260 ## - PUBLICATION, DISTRIBUTION, ETC.
Place of publication, distribution, etc. Bogotá :
Name of publisher, distributor, etc. Fundación Capitalismo Humano
Date of publication, distribution, etc. 2011
300 ## - PHYSICAL DESCRIPTION
Extent 282 páginas ;
Dimensions 25 cm.
500 ## - GENERAL NOTE
General note Incluye datos biográficos del autor en la solapa.
504 ## - BIBLIOGRAPHY, ETC. NOTE
Bibliography, etc. note Bibliografía: página 267.
505 0# - FORMATTED CONTENTS NOTE
Formatted contents note ¿Qué es el capitalismo? -- Brevísima historia del capitalismo -- ¿Existen varios capitalismos? -- Las críticas más duras al capitalismo -- Capitalismo sí, pero para todos -- Los teóricos -- Conceptos mínimos para entender el capitalismo
650 24 - SUBJECT ADDED ENTRY--TOPICAL TERM
Topical term or geographic name entry element Capitalismo
9 (RLIN) 5366
650 24 - SUBJECT ADDED ENTRY--TOPICAL TERM
Topical term or geographic name entry element Socialismo
9 (RLIN) 6093
650 24 - SUBJECT ADDED ENTRY--TOPICAL TERM
Topical term or geographic name entry element Economía
General subdivision Teorías económicas
9 (RLIN) 5367
942 ## - ADDED ENTRY ELEMENTS (KOHA)
Source of classification or shelving scheme Dewey Decimal Classification
Koha item type Books
Existencias
Withdrawn status Lost status Source of classification or shelving scheme Materials specified (bound volume or other part) Damaged status Not for loan Home library Current library Shelving location Date acquired Source of acquisition Cost, normal purchase price Total Checkouts Full call number Barcode Date last seen Copy number Price effective from Koha item type
    Dewey Decimal Classification Donación--15/04/2018--     Biblioteca Pública José María del Castillo y Rada Biblioteca Pública José María del Castillo y Rada General Stacks 11/28/2019 Donación 0.00   330.122 / J691e 430000457 05/16/2024 Ej.1 11/28/2019 Books